000 01027cam a22003137a 4500
003 CHAP
005 20220329135225.0
008 971013s1917 r 00010 d
010 _a32897
011 _a33869
035 _a37985
040 _cCHAP
090 _aFolleto 6539
100 0 0 _aLópez Vallejo, Eutimio.
_968393
245 0 _aInstrucciones para combatir la plaga de langostas por medio de cultivos del Coccobacillu acridiorum
260 _aMéxico :
_bSecretaría de Fomento,
_c1917
300 _a18 p.
500 _aEnc. con impresos similares
590 _aBATCH-UPD
_b10
_c20130110
_lUCH01
_h2027
590 _aBATCH-UPD
_b10
_c20130410
_lUCH01
_h1344
590 _aBATCH-UPD
_b10
_c20130914
_lUCH01
_h1046
590 _aCONVERSION
_b10
_c20130109
_lUCH01
_h1319
650 1 4 _aControl biológico de plagas.
_927587
650 1 4 _aLangosta como plaga.
_964759
710 0 _aMéxico. Secretaría de Fomento.
_977175
901 _aBK
942 _cFOLL
949 _aFolleto 6539
_bBC
_cBPP
_d-87001
_eBPP
_i37985
_mD
_si
999 _c32897
_d32897